| 000 | 00510nam a22001695i 4500 | ||
|---|---|---|---|
| 001 | 152814 | ||
| 003 | ES-MaACL | ||
| 005 | 20230906204901.0 | ||
| 008 | 051019s1881 gw | |||||||| ||ger d | ||
| 040 |
_aCAM _bspa _cCAM |
||
| 100 | 1 |
_aBucher, Lothar. _932293 |
|
| 245 | 1 | 3 |
_aDer Parlamentarismus wie er ist / _cvon Lothar Bucher. |
| 260 |
_aStuttgart : _bVerlag von Carl Krabbe, _c1881. |
||
| 300 |
_aVI, 286 p. ; _c20 cm. |
||
| 650 |
_aParlamentarismo. _9136654 |
||
| 852 |
_aES-MaACL _jG-1893 _z-- Enc. hol. |
||
| 999 |
_c152814 _d152814 |
||